000 00953cam a2200193 4500
001 ABS64718
008 011105n2001 000 0 eng u
035 _a(Sirsi) u115479
100 _aDewar, D.
245 _aPlanning wish list unveiled
260 _c2001
490 _aPlanning (for the Natural and Built Environment)
_v(1442) 26 October 2001, 8(1)
520 _aAnalysis of the forthcoming government green paper on which could radically reshape the planning system. Identifies the main points from the submission from the Royal Town Planning Institute which includes a redefinition of the purposes of planning and the establishment of a national spatial planning framework. Highlights key points from Council for the Protection of Rural England and House Builders' Federation.
590 _aABS
650 _aPLANNING SYSTEM
650 _aGREEN PAPER
690 _aENVIRONMENTAL AND LAND CONSULTANCY-PLANNING AND DEVELOPMENT
942 _n0
999 _c68780
_d68780